Red Sea Countries Quiz Stats

 Plays Quiz Updated Nov 8, 2018

     
Support Sporcle.
Go Orange.
Score 0/8 Timer 01:00
9 Plays Today
Country % Correct
Egypt
97.9%
Saudi Arabia
95.4%
Yemen
89.2%
Israel
86.5%
Sudan
82.1%
Jordan
78%
Eritrea
73.5%
Djibouti
69.7%

From the Vault

Hollywood Squares VIII

by big8dog88

Movies 7m
We find our day gets a little better when it has some Jeff Goldblum in it.
Remove Ads.
Support Sporcle.
Get the best of Sporcle when you Go Orange. This ad-free experience offers more features, more stats, and more fun while also helping to support Sporcle. Thank you for becoming a member.

Show Comments

Extras

Top Quizzes Today


Score Distribution

Your Account Isn't Verified!

In order to create a playlist on Sporcle, you need to verify the email address you used during registration. Go to your Sporcle Settings to finish the process.

Report this User

Report this user for behavior that violates our Community Guidelines.

Details: